000 00710nam a2200169Ia 4500
001 4696
003 GE_BSU
008 181216s||||||||xx |||||||||||||| ||und||
040 _cGE_BSU
245 _aრგიული სტომატოლოგია : სახელმძღვ. სამედ. სპეც. სტუდ. / [ავტ. კოლ.: ტ. რობუსტოვა, ვ. აფანასიევი, . :-
245 _cტ.გ. რობუსტოვას რედ–ით
250 _aI-ლი გამოც
260 _aთბილისი
260 _bმთაწმინდელი : [დავით ეფრემიძე],
260 _c2010.
942 _cBK
999 _c38579
_d38579